Niels Bohr, 1913-2013 Poincaré Seminar 2013 /

This fourteenth volume in the Poincaré Seminar Series is devoted to Niels Bohr, his foundational contributions to understanding atomic structure and quantum theory and their continuing importance today. This book contains the following chapters: - Tomas Bohr, Keeping Things Open; - Olivier Darrigol,...

Full description

Bibliographic Details
Corporate Author: SpringerLink (Online service)
Other Authors: Darrigol, Olivier (Editor), Duplantier, Bertrand (Editor), Raimond, Jean-Michel (Editor), Rivasseau, Vincent (Editor)
Format: Electronic eBook
Language:English
Published: Cham : Springer International Publishing : Imprint: Birkhäuser, 2016.
Series:Progress in Mathematical Physics, 68
Subjects:
Online Access:Full Text via HEAL-Link
LEADER 03352nam a22005415i 4500
001 978-3-319-14316-3
003 DE-He213
005 20160407162848.0
007 cr nn 008mamaa
008 160407s2016 gw | s |||| 0|eng d
020 |a 9783319143163  |9 978-3-319-14316-3 
024 7 |a 10.1007/978-3-319-14316-3  |2 doi 
040 |d GrThAP 
050 4 |a QA401-425 
050 4 |a QC19.2-20.85 
072 7 |a PHU  |2 bicssc 
072 7 |a SCI040000  |2 bisacsh 
082 0 4 |a 530.15  |2 23 
245 1 0 |a Niels Bohr, 1913-2013  |h [electronic resource] :  |b Poincaré Seminar 2013 /  |c edited by Olivier Darrigol, Bertrand Duplantier, Jean-Michel Raimond, Vincent Rivasseau. 
264 1 |a Cham :  |b Springer International Publishing :  |b Imprint: Birkhäuser,  |c 2016. 
300 |a XIII, 221 p. 47 illus., 26 illus. in color.  |b online resource. 
336 |a text  |b txt  |2 rdacontent 
337 |a computer  |b c  |2 rdamedia 
338 |a online resource  |b cr  |2 rdacarrier 
347 |a text file  |b PDF  |2 rda 
490 1 |a Progress in Mathematical Physics,  |x 1544-9998 ;  |v 68 
505 0 |a Foreword -- Keeping Things Open, Tomas Bohr -- Bohr's Trilogy of 1913, Olivier Darrigol -- The Mind that Created the Bohr atom, John Heilbron -- Bohr's Legacy in Cavity QED, Serge Haroche & Jean-Michel Raimond -- From Einstein, Bohr, Schrödinger to Bell and Feynman: A New Quantum Revolution?, Alain Aspect.- Interacting Cold Rydberg Atoms: A Toy Many-Body System, Antoine Browaeys.- Bohr's Complementarity and Kant's Epistemology, Michel Bitbol & Stefano Osnaghi. 
520 |a This fourteenth volume in the Poincaré Seminar Series is devoted to Niels Bohr, his foundational contributions to understanding atomic structure and quantum theory and their continuing importance today. This book contains the following chapters: - Tomas Bohr, Keeping Things Open; - Olivier Darrigol, Bohr's Trilogy of 1913; -John Heilbron, The Mind that Created the Bohr Atom; - Serge Haroche & Jean-Michel Raimond, Bohr's Legacy in Cavity QED; - Alain Aspect, From Einstein, Bohr, Schrödinger to Bell and Feynman: a New Quantum Revolution?; - Antoine Browaeys, Interacting Cold Rydberg Atoms: A Toy Many-Body System; - Michel Bitbol & Stefano Osnaghi, Bohr´s Complementarity and Kant´s Epistemology. Dating from their origin in lectures to a broad scientific audience these seven chapters are of high educational value. This volume is of general interest to physicists, mathematicians and historians. 
650 0 |a Mathematics. 
650 0 |a Mathematical physics. 
650 0 |a Elementary particles (Physics). 
650 0 |a Quantum field theory. 
650 0 |a Physics. 
650 1 4 |a Mathematics. 
650 2 4 |a Mathematical Physics. 
650 2 4 |a Elementary Particles, Quantum Field Theory. 
650 2 4 |a History and Philosophical Foundations of Physics. 
700 1 |a Darrigol, Olivier.  |e editor. 
700 1 |a Duplantier, Bertrand.  |e editor. 
700 1 |a Raimond, Jean-Michel.  |e editor. 
700 1 |a Rivasseau, Vincent.  |e editor. 
710 2 |a SpringerLink (Online service) 
773 0 |t Springer eBooks 
776 0 8 |i Printed edition:  |z 9783319143156 
830 0 |a Progress in Mathematical Physics,  |x 1544-9998 ;  |v 68 
856 4 0 |u http://dx.doi.org/10.1007/978-3-319-14316-3  |z Full Text via HEAL-Link 
912 |a ZDB-2-SMA 
950 |a Mathematics and Statistics (Springer-11649)